Culture cinématographique - Série 18 - Statistiques

Statistiques générales
  • Ce quiz a été pris 137 fois
  • Le résultat moyen est 4 sur 10
Statistiques - réponses
Question Réponse % Correct
Elle est "Sugar Kane Kowalczyk" dans "Certains l'aiment chaud" réalisé en 1959 par Billy Wilder. Marilyn Monroe
94%
Elle est "Mona Bergeron" dans "Sans toit ni loi" réalisé en 1985 par Agnès Varda. Sandrine Bonnaire
68%
Il est "Michel Mortez" dans "Tandem" réalisé en 1987 par Patrice Leconte. Jean Rochefort
49%
Il est "Général Spontz" dans "Papys fait de la résistance réalisé en 1983 par Claude Sautet Roland Giraud
47%
Il est "Capitaine Conan" dans le film du même nom réalisé en 1996 par Bertrand Tavernier. Philippe Torreton
39%
Il est "Jean" dans "Les nuits fauves" réalisé en 1992 par Cyril Collard. Cyril Collard
33%
Il est "Tibor Kovacs" dans "3 zéros" réalisé en 2001 par Fabien Onteniente. Lorànt Deutsch
24%
Il est "Lewis Medlock" dans "Délivrance" réalisé en 1972 par John Boorman. Burt Reynolds
19%
Il est "Vincent Mandel" dans "Le serpent" réalisé en 2007 par Eric Barbier. Yvan Attal
16%
Elle est "Irma la douce" dans le film du même nom réalisé en 1963 par Billy Wilder. Shirley MacLaine
15%
Aucun quiz correspondant
Distribution des résultats
% des personnes avec chaque résultat
Percentile par nombre de réponses
Votre historique - résultats
Vous n’avez pas pris ce quiz